logo

Bir Sreshtho Munshi Abdur Rouf Library
Jhenaidah Cadet College

বঙ্কিম রচনাবলী: (Record no. 13838)

MARC details
000 -LEADER
fixed length control field 00752nam a2200217 a 4500
001 - CONTROL NUMBER
JCCL Control Number 13838
003 - CONTROL NUMBER IDENTIFIER
JCCL marc code BD-JhCC
005 - DATE AND TIME OF LATEST TRANSACTION
control field 20240422092233.0
008 - FIXED-LENGTH DATA ELEMENTS--GENERAL INFORMATION
fixed length control field 240422b1986 ii |||| | a| 000 0 b d
035 ## - SYSTEM CONTROL NUMBER
system control number (BD-JhCC)13838
040 ## - CATALOGING SOURCE
Original cataloging agency BD-JhCC
Modifying agency BD-JhCC
041 ## - LANGUAGE CODE
Language code of Book Bengali
082 ## - DEWEY DECIMAL CLASSIFICATION NUMBER
Classification number 891.443
Author mark and Year CHO1986
100 ## - MAIN ENTRY--PERSONAL NAME
Personal name চট্টোপাধ্যায়, বঙ্কিমচন্দ্র
245 ## - TITLE STATEMENT
Title বঙ্কিম রচনাবলী:
Remainder of title উপন্যাস সমগ্র /
Statement of responsibility, etc বঙ্কিমচন্দ্র চট্টোপাধ্যায় ।
260 ## - PUBLICATION, DISTRIBUTION, ETC. (IMPRINT)
Place of publication, distribution, etc কলকাতা:
Name of publisher, distributor, etc ফটো প্রসেস;
Date of publication, distribution, etc 1986.
300 ## - PHYSICAL DESCRIPTION
Pagination 911 p. :
Dimensions 22 cm.
650 ## - SUBJECT ADDED ENTRY--TOPICAL TERM
Topical term or geographic name as entry element Bengali Novel
942 ## - ADDED ENTRY ELEMENTS (KOHA)
Source of classification or shelving scheme Dewey Decimal Classification
Koha item type Books
Holdings
Source of classification or shelving scheme Damaged status Not for loan Home library Current library Shelving location Date of accession Source of acquisition Cost, normal purchase price Total Checkouts Full call number Barcode Date last seen Copy number Method of acquisition Koha item type Currency
Dewey Decimal Classification     JCC Rouf Library JCC Rouf Library General Stacks   With The Compliments Of 7th Intake 30.00   891.443 CHO1986 19199 04/22/2024 C-1 Gift/Donation Books BDT
Dewey Decimal Classification     JCC Rouf Library JCC Rouf Library General Stacks     200.00   891.443 CHO1995 19535 05/23/2024 C-2 Purchase Books BDT

JCC Library | Contacts | JCC Home

Last Update on 23 September 2017
Copyright @ 2017-2020 JCC Rouf Library
Rouf Library, Jhenidah Cadet College (JCC), Bangladesh